000
00307nam a2200121Ia 4500
008
191201s2009 xx 000 0 und d
100
_a
SAXENA, Sanjay
245
0
_a
First course in computers 2003
250
_a
Rep
260
_c
2009
_b
Vikas Publication House
_a
NEW DELHI
300
_a
mise.
942
_2
ddc
_c
BK
999
_c
8046
_d
8046